书目信息 |
| 题名: |
带团队就这么容易
|
|
| 作者: | 容易 著 | |
| 分册: | ||
| 出版信息: | 北京 新世界出版社 2013 |
|
| 页数: | 243页 | |
| 开本: | 24cm | |
| 丛书名: | ||
| 单 册: | ||
| 中图分类: | F272.9 | |
| 科图分类: | ||
| 主题词: | 企业管理--组织管理学 | |
| 电子资源: | ||
| ISBN: | 978-7-5104-4330-5 | |
| 000 | 00758nam0 2200229 450 | |
| 001 | 337907 | |
| 005 | 20150529084054.81 | |
| 010 | @a978-7-5104-4330-5@dCNY36.00 | |
| 100 | @a20130802d2013 em y0chiy50 ea | |
| 101 | 0 | @achi |
| 102 | @aCN@b110000 | |
| 105 | @ay z 000yy | |
| 106 | @ar | |
| 200 | 1 | @a带团队就这么容易@Adai tuan dui jiu zhe me rong yi@f容易著 |
| 210 | @a北京@c新世界出版社@d2013 | |
| 215 | @a243页@d24cm | |
| 330 | @a本书作者总结11年冠军团队实操经验, 围绕企业一流组织系统建设实务, 通过7大核心、12个阶梯, 厘清员工敬业心理、快速培养给力人才, 有方法、有工具、有模式。 | |
| 606 | 0 | @a企业管理@x组织管理学 |
| 690 | @aF272.9@v5 | |
| 701 | 0 | @a容易@Arong yi@c(工商管理)@4著 |
| 801 | 0 | @aCN@b卓展宏图@c20150525 |
| 905 | @dF272.9@e1191@f4 | |
| 带团队就这么容易/容易著.-北京:新世界出版社,2013 |
| 243页;24cm |
| ISBN 978-7-5104-4330-5:CNY36.00 |
| 本书作者总结11年冠军团队实操经验, 围绕企业一流组织系统建设实务, 通过7大核心、12个阶梯, 厘清员工敬业心理、快速培养给力人才, 有方法、有工具、有模式。 |
| ● |
| 相关链接 |
|
|
|
|
正题名:带团队就这么容易
索取号:F272.9/1191
 
预约/预借
| 序号 | 登录号 | 条形码 | 馆藏地/架位号 | 状态 | 备注 |
| 1 | 856648 | 208566489 | 第一样本阅览室/ [索取号:F272.9/1191] | 在馆 | |
| 2 | 856649 | 208566498 | 密集书库-海洋学院/ [索取号:F272.9/1191] | 在馆 | |
| 3 | 856650 | 208566504 | 第一借阅区/ [索取号:F272.9/1191] | 在馆 | |
| 4 | 856651 | 208566513 | 第一借阅区/ [索取号:F272.9/1191] | 在馆 |